000 00511cam a2200205 4500
001 D3151
008 090401t1981 xxu||||| |||| 00| 0 eng d
035 _a(Sirsi) u72007
041 _aeng
050 _a694.01
100 _aDesch, H.E.
245 _aTimber: its structure, properties and utilisation
250 _a6th
260 _aLondon
_bMacMillan
_c1981
300 _axii. 410p. ill. 23cm
350 _a10
520 _aSixth edition revised by J.M. Dinwoodie
942 _n0
948 _c04/03/1997
999 _c95474
_d95474